Wymień odpowiedni państwa wyspiarski - Statystyki

Ogólne statystyki
  • Ten quiz został rozwiązany 220 razy
    180 od ostatniego zresetowania
  • Średni wynik to 13 z 20
Statystyki odpowiedzi
Nazwij kraj wyspiarski ... Odpowiedź % Poprawnych
który graniczy z innym krajem Brunei | Dominikana | Haiti | Indonezja | Irlandia | Papua-Nowa Gwinea | Timor Wschodni | Wielka Brytania
98%
na Karaibach, który nie używa angielskiego jako języka urzędowego Dominikana | Haiti | Kuba
88%
którego nazwa zaczyna się na T Tajwan | Timor Wschodni | Tonga | Trynidad i Tobago | Tuvalu
87%
ze słowem WYSPY w nazwie Wyspy Marshalla | Wyspy Salomona | Wyspy Świętego Tomasza i Książeca
87%
Nazwij kraj wyspiarski ... na Morzu Śródziemnym Cypr | Malta
86%
Nazwij kraj wyspiarski ... którego nazwa kończy się na EZJA Mikronezja | Indonezja
86%
którego nazwa zaczyna się od wersji słowa „święty” Saint Kitts i Nevis | Saint Lucia | Saint Vincent i Grenadyny | Wyspy Świętego Tomasza i Książeca
82%
w którym co najmniej 50% mieszkańców to muzułmanie Bahrajn | Brunei | Komory | Indonezja | Malediwy
79%
z ponad 100 milionami ludzi Indonezja | Japonia | Filipiny
79%
który używa Peso jako swojej waluty Kuba | Dominikana | Filipiny
62%
z mniej niż 50 000 osób Nauru | Palau | Tuvalu
59%
. uważany za naród afrykański Republika Zielonego Przylądka | Komory | Madagaskar | Mauritius | Wyspy Świętego Tomasza i Książeca | Seszele
57%
z flagą ”Union Jack” Fidżi | Nowa Zelandia | Tuvalu | Wielka Brytania
52%
która graniczy z dwoma lub więcej oceanami Timor Wschodni | Indonezja
52%
z flagą Krzyża Południa Nowa Zelandia | Papua-Nowa Gwinea | Samoa
50%
całkowicie na północ od 60 ° na północ Islandia
46%
z portugalskim jako językiem urzędowym Republika Zielonego Przylądka | Timor Wschodni | Wyspy Świętego Tomasza i Książeca
32%
uznanego przez JetPunk, ale nie przez ONZ Tajwan
26%
który używa formy kreolskiej jako oficjalnego lub języka narodowego Haiti | Mauritius | Papua-Nowa Gwinea | Seszele | Vanuatu
25%
o PKB na mieszkańca około 70 000 USD (PPP, 2019) Singapur | Brunei | Irlandia
23%
Nie znaleziono quizów pasujących do podanych kryteriów
Rozkład punktacji
Procent ludzi z każdym wynikiem
Percentyl według liczby udzielonych odpowiedzi
Twoja historia wyników
Nie rozwiązałeś tego quizu od ostatniego zresetowania